<?xml version="1.0" encoding="UTF-8"?>
<record
    xmlns:xsi="http://www.w3.org/2001/XMLSchema-instance"
    xsi:schemaLocation="http://www.loc.gov/MARC21/slim http://www.loc.gov/standards/marcxml/schema/MARC21slim.xsd"
    xmlns="http://www.loc.gov/MARC21/slim">

  <leader>04825cam a22003855a 4500</leader>
  <controlfield tag="001">15665393</controlfield>
  <controlfield tag="005">20180415143537.0</controlfield>
  <controlfield tag="008">090318s2010    nyua   frb    001 0 eng d</controlfield>
  <datafield tag="010" ind1=" " ind2=" ">
    <subfield code="a">  2009010029</subfield>
  </datafield>
  <datafield tag="020" ind1=" " ind2=" ">
    <subfield code="a">9780415999007 (pbk)</subfield>
  </datafield>
  <datafield tag="020" ind1=" " ind2=" ">
    <subfield code="a">0415999006 (pbk)</subfield>
  </datafield>
  <datafield tag="035" ind1=" " ind2=" ">
    <subfield code="a">(OCoLC)ocn259266321</subfield>
  </datafield>
  <datafield tag="040" ind1=" " ind2=" ">
    <subfield code="a">DLC</subfield>
    <subfield code="b">eng</subfield>
    <subfield code="c">DLC</subfield>
    <subfield code="d">YDX</subfield>
    <subfield code="d">BTCTA</subfield>
    <subfield code="d">YDXCP</subfield>
    <subfield code="d">CDX</subfield>
    <subfield code="d">CS1</subfield>
    <subfield code="d">BWX</subfield>
    <subfield code="d">MTG</subfield>
    <subfield code="d">DLC</subfield>
    <subfield code="d">EG-ScBUE</subfield>
  </datafield>
  <datafield tag="043" ind1=" " ind2=" ">
    <subfield code="a">n-us---</subfield>
  </datafield>
  <datafield tag="082" ind1="0" ind2="4">
    <subfield code="a">302.2</subfield>
    <subfield code="b">INT</subfield>
    <subfield code="2">22</subfield>
  </datafield>
  <datafield tag="245" ind1="0" ind2="0">
    <subfield code="a">International media communication in a global age /</subfield>
    <subfield code="c">edited by Guy J. Golan, Thomas J. Johnson, and Wayne Wanta.</subfield>
  </datafield>
  <datafield tag="250" ind1=" " ind2=" ">
    <subfield code="a">1st ed.</subfield>
  </datafield>
  <datafield tag="260" ind1=" " ind2=" ">
    <subfield code="a">New York :</subfield>
    <subfield code="b">Routledge,</subfield>
    <subfield code="c">2010.</subfield>
  </datafield>
  <datafield tag="300" ind1=" " ind2=" ">
    <subfield code="a">vii, 480 p. :</subfield>
    <subfield code="b">ill. ;</subfield>
    <subfield code="c">24 cm.</subfield>
  </datafield>
  <datafield tag="490" ind1="0" ind2=" ">
    <subfield code="a">Communication series</subfield>
  </datafield>
  <datafield tag="504" ind1=" " ind2=" ">
    <subfield code="a">Includes bibliographical references and index.</subfield>
  </datafield>
  <datafield tag="505" ind1="0" ind2="0">
    <subfield code="t">The determinants of international news flow and coverage. Introduction:  international news coverage and Americans' image of the world /</subfield>
    <subfield code="r">Guy J. Golan, Thomas J. Johnson, and Wayne Wanta --</subfield>
    <subfield code="t">Changing global media landscape, unchanging theories?: international communication research and paradigm testing /</subfield>
    <subfield code="r">Tsan-Kuo Chang --</subfield>
    <subfield code="t">Determining the scope of "international" communication: a (living) systems approach /</subfield>
    <subfield code="r">Shelton A. Gunaratne --</subfield>
    <subfield code="t">International news determinants in U.S. news media in the post-Cold War era /</subfield>
    <subfield code="r">Kuang-Kuo Chang and Tien-Tsung Lee --</subfield>
    <subfield code="t">The impact of global news coverage on international aid /</subfield>
    <subfield code="r">Yon Soo Lim and George A. Barnett --</subfield>
    <subfield code="t">Coverage of foreign elections in the United States: a model of international news flow /</subfield>
    <subfield code="r">Wayne Wanta and Guy J. Golan --</subfield>
    <subfield code="t">Determinants of international news coverage /</subfield>
    <subfield code="r">Guy J. Golan --</subfield>
    <subfield code="t">The language of international news. How could so much produce so little?: foreign affairs reporting in the wake of 9/11 /</subfield>
    <subfield code="r">Shahira Fahmy --</subfield>
    <subfield code="t">Patterns and news quality: international stories reported in American media /</subfield>
    <subfield code="r">Renee Martin-Kratzer and Esther Thorson --</subfield>
    <subfield code="t">The influence of contextual factors on the selection of news frames: a cross-national approach to the news coverage of Severe Acute Respiratory Syndrome (SARS)  /</subfield>
    <subfield code="r">Kuang-Kuo Chang... [et al.] --</subfield>
    <subfield code="t">News as culture: a comparative study of newspaper coverage of the war in Iraq /</subfield>
    <subfield code="r">Salma I. Ghanem --</subfield>
    <subfield code="t">Frame building and media framing of the joint counterterrorism: comparing United States-Uganda efforts /</subfield>
    <subfield code="r">Yusuf Kalyango Jr. --</subfield>
    <subfield code="t">See no evil, hear no evil, judge as evil?: examining whether Al-Jazeera English-language web site users transfer their belief in its credibility to its satellite network /</subfield>
    <subfield code="r">Thomas J. Johnson and Shahira Fahmy --</subfield>
    <subfield code="t">An exploration of the determinants of international news coverage in Australia's online media /</subfield>
    <subfield code="r">Xiaopeng Wang --</subfield>
    <subfield code="t">Blogs as stealth dissent?: "Eighteen touch dog newspaper" and the tactics, ambiguity, and limits of Internet resistance in China /</subfield>
    <subfield code="r">Wei Zha and David D. Perlmutter --</subfield>
    <subfield code="t">Strategic global communication. Global integration or local responsiveness?: multinational corporations' public relations strategies and cases /</subfield>
    <subfield code="r">Joon Soo Lim --</subfield>
    <subfield code="t">Coordination and control of global public relations to manage cross-national conflict shifts: a multidisciplinary theoretical perspective for research and practice /</subfield>
    <subfield code="r">Juan-Carlos Molleda and Alexander Laskin --</subfield>
    <subfield code="t">Netizens unite!: strategic escalation of conflict to manage a cultural crisis /</subfield>
    <subfield code="r">Sooyoung Cho and Glen T. Cameron --</subfield>
    <subfield code="t">Communicating with global publics: building a theoretical framework for international public relations /</subfield>
    <subfield code="r">Paul S. Lieber and Colin Higgins --</subfield>
    <subfield code="t">Columbia's Juan Valdez campaign: brand revitalization through "authenticity" and "glocal" strategic communications /</subfield>
    <subfield code="r">Juan-Carlos Molleda and Marilyn S. Roberts --</subfield>
    <subfield code="t">The influence of mobile phone advertising on dependency: a cross-cultural study of mobile phone use between American and Chinese youth /</subfield>
    <subfield code="r">Ran Wei --</subfield>
    <subfield code="t">Fractured images</subfield>
  </datafield>
  <datafield tag="520" ind1=" " ind2=" ">
    <subfield code="a">"International Media Communication in a Global Age provides a thorough examination of key issues regarding global communication, with a focus on international news and strategic communication. Acknowledging the extensive breadth and scope of the international communication research field, this volume serves as an introduction to the latest trends in global communication scholarship. With contributions from leading international scholars doing work in this field, this collection will serve as an indispensable resource in the field of global media communication research."--Jacket.</subfield>
  </datafield>
  <datafield tag="650" ind1=" " ind2="7">
    <subfield code="a">Foreign news.</subfield>
    <subfield code="2">BUEsh</subfield>
  </datafield>
  <datafield tag="650" ind1=" " ind2="7">
    <subfield code="a">Communication, International.</subfield>
    <subfield code="2">BUEsh</subfield>
  </datafield>
  <datafield tag="650" ind1=" " ind2="7">
    <subfield code="a">Journalism</subfield>
    <subfield code="z">United States.</subfield>
    <subfield code="2">BUEsh</subfield>
  </datafield>
  <datafield tag="650" ind1=" " ind2="7">
    <subfield code="a">Journalism</subfield>
    <subfield code="x">Political aspects.</subfield>
    <subfield code="2">BUEsh</subfield>
  </datafield>
  <datafield tag="651" ind1=" " ind2=" ">
    <subfield code="2">BUEsh</subfield>
  </datafield>
  <datafield tag="653" ind1=" " ind2=" ">
    <subfield code="b">COMAME</subfield>
    <subfield code="c">April2018</subfield>
  </datafield>
  <datafield tag="655" ind1=" " ind2=" ">
    <subfield code="v">Reading book</subfield>
    <subfield code="9">34232</subfield>
  </datafield>
  <datafield tag="700" ind1="1" ind2=" ">
    <subfield code="a">Golan, Guy J.</subfield>
    <subfield code="e">editor.</subfield>
  </datafield>
  <datafield tag="700" ind1="1" ind2=" ">
    <subfield code="a">Johnson, Thomas J.,</subfield>
    <subfield code="d">1960-,</subfield>
    <subfield code="e">editor.</subfield>
  </datafield>
  <datafield tag="700" ind1="1" ind2=" ">
    <subfield code="a">Wanta, Wayne,</subfield>
    <subfield code="e">editor.</subfield>
  </datafield>
  <datafield tag="942" ind1=" " ind2=" ">
    <subfield code="2">ddc</subfield>
  </datafield>
  <datafield tag="999" ind1=" " ind2=" ">
    <subfield code="c">26513</subfield>
    <subfield code="d">26485</subfield>
  </datafield>
  <datafield tag="952" ind1=" " ind2=" ">
    <subfield code="0">0</subfield>
    <subfield code="1">0</subfield>
    <subfield code="2">ddc</subfield>
    <subfield code="4">0</subfield>
    <subfield code="7">0</subfield>
    <subfield code="8">Baccah</subfield>
    <subfield code="a">MAIN</subfield>
    <subfield code="b">MAIN</subfield>
    <subfield code="c">1ST</subfield>
    <subfield code="d">2018-04-15</subfield>
    <subfield code="e">Purchase</subfield>
    <subfield code="l">1</subfield>
    <subfield code="o">302.2 INT</subfield>
    <subfield code="p">000043182</subfield>
    <subfield code="r">2025-07-15 00:00:00</subfield>
    <subfield code="s">2018-08-06</subfield>
    <subfield code="y">BB</subfield>
  </datafield>
  <datafield tag="952" ind1=" " ind2=" ">
    <subfield code="0">0</subfield>
    <subfield code="1">0</subfield>
    <subfield code="2">ddc</subfield>
    <subfield code="4">0</subfield>
    <subfield code="7">0</subfield>
    <subfield code="8">Baccah</subfield>
    <subfield code="a">MAIN</subfield>
    <subfield code="b">MAIN</subfield>
    <subfield code="c">1ST</subfield>
    <subfield code="d">2018-04-15</subfield>
    <subfield code="e">Purchase</subfield>
    <subfield code="l">0</subfield>
    <subfield code="o">302.2 INT</subfield>
    <subfield code="p">000043183</subfield>
    <subfield code="r">2025-07-15 00:00:00</subfield>
    <subfield code="y">BB</subfield>
  </datafield>
  <datafield tag="952" ind1=" " ind2=" ">
    <subfield code="0">0</subfield>
    <subfield code="1">0</subfield>
    <subfield code="2">ddc</subfield>
    <subfield code="4">0</subfield>
    <subfield code="7">0</subfield>
    <subfield code="8">Baccah</subfield>
    <subfield code="a">MAIN</subfield>
    <subfield code="b">MAIN</subfield>
    <subfield code="c">1ST</subfield>
    <subfield code="d">2018-04-15</subfield>
    <subfield code="e">Purchase</subfield>
    <subfield code="l">0</subfield>
    <subfield code="o">302.2 INT</subfield>
    <subfield code="p">000043184</subfield>
    <subfield code="r">2025-07-15 00:00:00</subfield>
    <subfield code="y">BB</subfield>
  </datafield>
</record>
